Statistics for Football Clubs That Play In The Superleague Greece (Greek Football League)

Click here to take the quiz!

General Stats

  • This quiz has been taken 168 times
  • The average score is 12 of 16

Answer Stats

Location Clubs % Correct
AthensPanathinaikos
98%
AthensAEK Athens
98%
PireausOlympiacos
97%
ThessalonikiPAOK
96%
XanthiSkoda Xanthi
83%
TripoliAsteras Tripolis
78%
VeriaVeria
76%
IoanninaPAS Giannina
76%
LevadiaLevadiakos
73%
ThessalonikiIraklis
71%
AthensAtromitos
70%
AthensPanionios
67%
ChaniaPlatanias
65%
AgrinioPanaitolikos
64%
KomotiniPanthrakikos
62%
MytileneKalloni
57%

Score Distribution

Percentile by Number Answered

Percent of People with Each Score

Your Score History

You have not taken this quiz